000 00380nam a2200133Ia 4500
008 210210b1970 xxu||||| |||| 00| 0 eng d
082 _aS891.8 KRAS
100 _aKRASHNAMURTI (Ke) and SHANABHAGA (Di eN), Eds.
245 _aSamskrata gadya-padya.
260 _aDharavada
_bKarnataka Vishvavidyalaya
_c1970
300 _a24
690 _aSanskrit Miscellaneous
906 _aSG01683
999 _c112891
_d112891